| 000 | 00450nam a2200145Ia 4500 | ||
|---|---|---|---|
| 008 | 140724s9999 xx 000 0 und d | ||
| 050 |
_aG 155.A1 _b.C243 2011 |
||
| 100 | _aCapisanan, Jacqueline Niala T. | ||
| 245 |
_aTaholicious / _cJacqueline Niala T. Capisanan. |
||
| 260 |
_aLas PiƱas, Philippines : _bSouthville International School and Colleges, _cc2011. |
||
| 300 |
_a25 p. : _c28 cm. |
||
| 521 | _aTourism | ||
| 942 | _cTH | ||
| 999 |
_c228836 _d228836 |
||